| 000 | 00652nam a2200205 a 4500 | ||
|---|---|---|---|
| 005 | 20250903063917.0 | ||
| 008 | 030902s1955 mx r 000 0 spa d | ||
| 035 | _aUPN01000128356 | ||
| 049 | _aSEP | ||
| 050 | 4 |
_aLC5309 U54 _bM5009 |
|
| 245 | 0 | 4 | _aLos ángulos. |
| 260 |
_aMéxico : _bSEP, Instituto Federal de Capacitación del Magisterio, _c[1955?]. |
||
| 300 |
_ap. 199-224 : _bil. |
||
| 500 | _a"Aritmética, nociones de álgebra y geometría : lección no.9" | ||
| 500 | _aIncluye cuestionario | ||
| 650 | 2 |
_aÁngulo _99130 |
|
| 650 | 4 |
_aGeometría _xEstudio y enseñanza _919027 |
|
| 650 | 4 |
_aEducación a distancia _97924 |
|
| 905 | _aLibro | ||
| 999 |
_c100535 _d100535 |
||